الأدب العربي والمجتمع المعاصر في مصر / (Record no. 26073)
[ view plain ]
| 000 -الفاتح | |
|---|---|
| حقل البيانات ثابتة الطول | 01389nam a22003255a 4500 |
| 003 - محدد رقم الضبط | |
| رقم الضبط | EG-ScBUE |
| 005 - وقت وتاريخ اخر تعامل مع التسجيلة | |
| رقم الضبط | 20211205103141.0 |
| 008 - عناصر البيانات ثابتة الطول - معلومات عامة | |
| حقل البيانات ثابتة الطول | 180204s2004 ua a f b 000 0 mul d |
| 017 ## - رقم الإيداع القانونى | |
| رقم الإيداع القانونى | 2004 / 18598 |
| 040 ## - مصدر الفهرسة | |
| وكالة الفهرسة الأصلية | EG-ScBUE |
| لغة الفهرسة | ara |
| قواعد الوصف | rda |
| وكالة النسخ | EG-ScBUE |
| وكالة التعديل | EG-ScBUE |
| 041 0# - رمز اللغة | |
| رمز لغة النص/ المسارات الصوتية أو العنوان الانفرادي | ara |
| -- | fre |
| 043 ## - رمز المنطقة الجغرافية | |
| رمز المنطقة الجغرافية | f-ua--- |
| 082 04 - رقم تصنيف ديوى العشرى | |
| رقم التصنيف | 892.709 |
| رقم المادة | ح ج ا |
| رقم الطبعة | 22 |
| 100 1# - المدخل الرئيسى - إسم شخصى | |
| الإسم الشخصى | حجازي، سمير سعيد، |
| التواريخ المصاحبة للاسم | 1943- |
| الدور | مؤلف. |
| 9 (RLIN) | 29662 |
| 245 12 - بيان العنوان | |
| العنوان | الأدب العربي والمجتمع المعاصر في مصر / |
| بيان المسئوليه,etc | تأليف د. سمير سعيد حجازي. |
| 246 35 - العنوان الموازى | |
| عنوان صحيح/عنوان مختصر | Littérature et sociéteé en Egypte : |
| بقية العنوان | de lq guerre de 1967 à celle de 1973 |
| 264 #1 - النشر، التوزيع | |
| مكان الناشر او الموزع | القاهرة : |
| اسم الناشر او الموزع | دار طيبة للنشر والتوزيع والتجهيزات العلمية، |
| تاريخ النشر أو التوزيع | 2004. |
| 300 ## - الوصف المادى | |
| التعداد | 1 مجلد (متعدد الترقيم) ؛ |
| أبعاد الوعاء | 24 سم |
| 336 ## - نوع المحتوى | |
| source | rdacontent |
| Carrier Type Term | نص |
| Content Type Code | txt |
| 337 ## - نوع الوسيط | |
| source | rdamedia |
| Media Type Term | بدون وسيط |
| Media Type Code | n |
| 338 ## - نوع الحامل أو الناقل | |
| source | rdacarrier |
| Carrier Type Term | مجلد |
| Carrier Type Code | nc |
| 504 ## - تبصرة ببليوجرافية | |
| تبصرة ببليوجرافية,الخ | يشتمل على إرجاعات ببليوجرافية. |
| 546 ## - تبصرة اللغة | |
| تبصرة اللغة | النص باللغتين العربية والفرنسية. |
| 650 #7 - المدخل الاضافى بالموضوع-مصطلح موضوعى | |
| مصطلح موضوعي أو اسم جغرافي كعنصر مدخل | الأدب والمجتمع |
| التقسيم الفرعي الجغرافي | مصر. |
| مصدر الرأس أو المصطلح | BUEsh |
| 9 (RLIN) | 41806 |
| 650 #7 - المدخل الاضافى بالموضوع-مصطلح موضوعى | |
| مصطلح موضوعي أو اسم جغرافي كعنصر مدخل | الأدب العربي |
| التقسيم الفرعي الجغرافي | مصر |
| التقسيم الفرعي العام | تاريخ ونقد |
| التقسيم الفرعي الزمني | قرن 20. |
| مصدر الرأس أو المصطلح | BUEsh |
| 9 (RLIN) | 41806 |
| 651 ## - المدخل الاضافى بالموضوع - اسم جغرافى | |
| مصدر الرأس أو المصطلح | BUEsh |
| 653 ## - مصطلح تكشيفى غير مقيد | |
| Resource For college | Arabic Literature |
| -- | Generalities |
| -- | Humanities: English |
| Arrived date list | February2018 |
| 655 ## - مصطلح تكشيفى-نوع/شكل | |
| التقسيم الفرعي الشكلي | Reading book |
| -- | 34232 |
| 942 ## - عناصر المدخل الإضافي( كوها) | |
| مصدر التصنيف او مخطط الترفيف | Dewey Decimal Classification |
| حالة التراجع | حالة الفقد | مصدر التصنيف او خطة الترفيف | حالة تلف | ليس للاعارة | المكان الدائم | المكان الحالي | موقع الترفيف | تاريخ الاكتساب | رقم الاستدعاء | الباركود | Date last seen | نوع الوعاء |
|---|---|---|---|---|---|---|---|---|---|---|---|---|
| Dewey Decimal Classification | Central Library | Central Library | First floor | 04/02/2018 | 892.709 ح ج ا | 000042906 | 15/07/2025 | Book - Borrowing |